[Event "d10"]
[Site "?"]
[Date "2020.08.28"]
[Round "4.5"]
[White "Seemann, Lena"]
[Black "Figa, Karolina"]
[Result "1/2-1/2"]
[BlackElo "1350"]
[WhiteElo "1008"]
[LiveChessVersion "1.4.8"]

1. b3 {[%clk 0:15:17]} g6 {[%clk 0:15:18]} 2. Bb2 {[%clk 0:15:25]} Nf6
{[%clk 0:15:26]} 3. e3 {[%clk 0:15:30]} Bg7 {[%clk 0:15:34]} 4. Nf3
{[%clk 0:15:37]} O-O {[%clk 0:15:40]} 5. Bc4 {[%clk 0:15:43]} Nc6
{[%clk 0:15:43]} 6. O-O {[%clk 0:15:48]} d6 {[%clk 0:15:50]} 7. d3
{[%clk 0:15:55]} Bg4 {[%clk 0:15:54]} 8. h3 Bxf3 {[%clk 0:16:00]} 9. Qxf3
{[%clk 0:16:08]} a6 {[%clk 0:14:54]} 10. a4 {[%clk 0:16:03]} d5 {[%clk 0:14:57]}
11. Bxf6 {[%clk 0:16:07]} dxc4 {[%clk 0:14:52]} 12. Bxg7 {[%clk 0:16:07]} Kxg7
{[%clk 0:14:56]} 13. bxc4 {[%clk 0:16:13]} Rb8 {[%clk 0:14:28]} 14. Nc3
{[%clk 0:16:09]} Ne5 {[%clk 0:14:13]} 15. Qd5 {[%clk 0:15:52]} f6
{[%clk 0:14:14]} 16. Rab1 {[%clk 0:15:32]} c6 {[%clk 0:13:43]} 17. Qe4
{[%clk 0:14:58]} Qa5 {[%clk 0:13:29]} 18. d4 {[%clk 0:13:59]} Qxc3
{[%clk 0:13:31]} 19. dxe5 {[%clk 0:14:03]} Qxe5 {[%clk 0:13:37]} 20. Qd3
{[%clk 0:13:49]} Rfd8 {[%clk 0:13:37]} 21. Qa3 {[%clk 0:13:39]} Qd6
{[%clk 0:13:42]} 22. c5 {[%clk 0:13:17]} Qe6 {[%clk 0:12:52]} 23. Rfd1
{[%clk 0:12:54]} Rd5 {[%clk 0:11:34]} 24. Qb3 {[%clk 0:12:10]} Qd7
{[%clk 0:11:22]} 25. c4 {[%clk 0:11:26]} Rxd1+ {[%clk 0:11:21]} 26. Rxd1
{[%clk 0:11:31]} Qc7 {[%clk 0:11:21]} 27. f4 {[%clk 0:11:19]} Qa5
{[%clk 0:11:15]} 28. Rd7 {[%clk 0:10:47]} Qxc5 {[%clk 0:11:13]} 29. Rxb7
{[%clk 0:10:44]} Rxb7 {[%clk 0:11:20]} 30. Qxb7 {[%clk 0:10:51]} Qxe3+
{[%clk 0:11:27]} 31. Kh1 {[%clk 0:10:56]} Qxf4 {[%clk 0:11:23]} 32. Qxe7+
{[%clk 0:11:01]} Kh6 {[%clk 0:11:29]} 33. Qf8+ {[%clk 0:11:05]} Kg5
{[%clk 0:11:31]} 34. Qc5+ {[%clk 0:11:04]} f5 {[%clk 0:11:09]} 35. Qe7+
{[%clk 0:11:06]} Kh5 {[%clk 0:11:13]} 36. Qxh7+ {[%clk 0:11:11]} Qh6
{[%clk 0:11:18]} 37. g4+ {[%clk 0:10:41]} fxg4 {[%clk 0:11:21]} 38. hxg4+
{[%clk 0:10:46]} Kg5+ {[%clk 0:11:29]} 39. Qxh6+ {[%clk 0:10:33]} Kxh6
{[%clk 0:11:37]} 40. Kg2 {[%clk 0:10:39]} Kg5 {[%clk 0:11:45]} 41. Kg3
{[%clk 0:10:47]} a5 {[%clk 0:11:44]} 42. c5 {[%clk 0:10:53]} Kf6 {[%clk 0:11:52]}
43. Kf4 {[%clk 0:11:01]} g5+ {[%clk 0:12:00]} 44. Ke4 {[%clk 0:10:51]} Ke6
{[%clk 0:12:08]} 45. Kd4 {[%clk 0:10:38]} 1/2-1/2

[Event "d10"]
[Site "?"]
[Date "2020.08.28"]
[Round "4.6"]
[White "Lajdamik, Kinga"]
[Black "Walewska, Natalia"]
[Result "0-1"]
[BlackElo "1010"]
[WhiteElo "1290"]
[LiveChessVersion "1.4.8"]

1. e4 e5 2. Nf3 Nc6 3. Bb5 Bc5 4. O-O d6 5. Nc3 Bg4 6. h3 Bh5 7. Nd5 Nf6 8. d3 h6
9. b4 Bb6 10. a4 a6 11. Bc4 O-O 12. Nxb6 cxb6 13. Be3 Nh7 14. c3 Kh8 15. Rb1 Ne7
16. a5 b5 17. Ba2 f5 18. Bb6 Qd7 19. exf5 Nxf5 20. g4 Ne7 21. gxh5 Qxh3 22. Nh2
Ng5 23. Bb3 Nf5 24. Be6 Nxe6 25. Qf3 Qxf3 26. Nxf3 Nf4 27. Kh2 Nxh5 28. Rg1 0-1

[Event "d10"]
[Site "?"]
[Date "2020.08.28"]
[Round "5.1"]
[White "Borowik, Monika"]
[Black "Wieczorek, Maja"]
[Result "1/2-1/2"]
[BlackElo "1030"]
[WhiteElo "1207"]
[LiveChessVersion "1.4.8"]

1. d4 {[%clk 0:15:18]} Nf6 {[%clk 0:15:19]} 2. c4 {[%clk 0:15:26]} g6
{[%clk 0:15:27]} 3. Nc3 {[%clk 0:15:34]} Bg7 {[%clk 0:15:36]} 4. Nf3
{[%clk 0:15:42]} O-O {[%clk 0:15:44]} 5. e4 {[%clk 0:15:49]} d6 {[%clk 0:15:52]}
6. Bd3 {[%clk 0:15:42]} e5 {[%clk 0:15:51]} 7. d5 {[%clk 0:15:34]} a5
{[%clk 0:15:55]} 8. O-O {[%clk 0:15:15]} Na6 {[%clk 0:16:01]} 9. a3
{[%clk 0:12:07]} Nc5 {[%clk 0:15:42]} 10. Bc2 {[%clk 0:11:17]} h5
{[%clk 0:15:37]} 11. Bg5 {[%clk 0:10:49]} Qe8 {[%clk 0:15:05]} 12. Qd2
{[%clk 0:09:22]} Nh7 {[%clk 0:13:54]} 13. Bh6 {[%clk 0:07:13]} f5
{[%clk 0:13:40]} 14. Bxg7 {[%clk 0:06:47]} Kxg7 {[%clk 0:13:46]} 15. b4
{[%clk 0:06:49]} axb4 {[%clk 0:13:13]} 16. axb4 {[%clk 0:06:58]} Rxa1
{[%clk 0:13:13]} 17. Rxa1 {[%clk 0:07:06]} Na6 {[%clk 0:13:20]} 18. Na4
{[%clk 0:06:32]} f4 {[%clk 0:13:09]} 19. c5 {[%clk 0:05:56]} Qe7 {[%clk 0:12:28]}
20. cxd6 {[%clk 0:05:14]} Qxd6 {[%clk 0:12:03]} 21. b5 {[%clk 0:04:47]} Nb4
{[%clk 0:11:48]} 22. Qc3 {[%clk 0:04:02]} Nxc2 {[%clk 0:11:37]} 23. Qxc2
{[%clk 0:04:06]} b6 {[%clk 0:10:58]} 24. Rc1 {[%clk 0:03:48]} Rf7
{[%clk 0:10:58]} 25. Qc3 {[%clk 0:03:42]} Kf6 {[%clk 0:08:21]} 26. Nb2
{[%clk 0:03:02]} Ng5 {[%clk 0:07:41]} 27. Nxg5 {[%clk 0:02:29]} Kxg5
{[%clk 0:07:46]} 28. Nc4 {[%clk 0:02:30]} Qe7 {[%clk 0:04:54]} 29. Qxe5+
{[%clk 0:02:03]} Qxe5 {[%clk 0:04:43]} 30. Nxe5 {[%clk 0:02:12]} Re7
{[%clk 0:04:48]} 31. Nf3+ {[%clk 0:02:19]} Kf6 {[%clk 0:04:41]} 32. Rc6+
{[%clk 0:02:12]} Kg7 {[%clk 0:04:36]} 33. e5 {[%clk 0:02:05]} Bb7
{[%clk 0:04:36]} 34. Rc4 {[%clk 0:00:51]} Bxd5 {[%clk 0:04:31]} 35. Rxf4
{[%clk 0:00:59]} Bxf3 {[%clk 0:04:42]} 36. Rxf3 {[%clk 0:00:37]} Rxe5
{[%clk 0:04:48]} 37. Re3 {[%clk 0:00:27]} Rxb5 {[%clk 0:04:35]} 38. f3
{[%clk 0:00:31]} c5 {[%clk 0:04:40]} 39. Kf2 {[%clk 0:00:31]} c4 {[%clk 0:04:43]}
40. Rc3 {[%clk 0:00:36]} Rc5 {[%clk 0:04:50]} 41. Ke3 {[%clk 0:00:38]} b5
{[%clk 0:04:40]} 42. Kd4 {[%clk 0:00:38]} Rg5 {[%clk 0:04:47]} 43. g3
{[%clk 0:00:37]} Kf6 {[%clk 0:04:50]} 44. Re3 {[%clk 0:00:30]} Rf5
{[%clk 0:04:19]} 45. h3 {[%clk 0:00:26]} g5 {[%clk 0:04:04]} 46. g4
{[%clk 0:00:18]} hxg4 {[%clk 0:03:37]} 47. hxg4 {[%clk 0:00:27]} Rf4+
{[%clk 0:03:07]} 48. Kc5 {[%clk 0:00:36]} c3 {[%clk 0:01:52]} 49. Rxc3
{[%clk 0:00:25]} Rc4+ {[%clk 0:01:56]} 50. Rxc4 {[%clk 0:00:33]} bxc4
{[%clk 0:02:04]} 51. Kxc4 {[%clk 0:00:42]} Ke5 {[%clk 0:02:13]} 52. Kd3
{[%clk 0:00:49]} Kd5 {[%clk 0:02:18]} 53. Ke3 {[%clk 0:00:56]} Ke5
{[%clk 0:02:27]} 54. Kd3 {[%clk 0:00:54]} Kd5 {[%clk 0:02:31]} 1/2-1/2

[Event "d10"]
[Site "?"]
[Date "2020.08.28"]
[Round "5.2"]
[White "Klintsevich, Aliaksandra"]
[Black "Polakiewicz, Blanka"]
[Result "1-0"]
[BlackElo "1178"]
[WhiteElo "1153"]
[LiveChessVersion "1.4.8"]

1. d4 Nf6 2. c4 g6 3. Nc3 Bg7 4. e4 d6 5. f4 O-O 6. Nf3 Nc6 7. d5 Nb8 8. Bd3 Re8
9. O-O e5 10. fxe5 dxe5 11. Bg5 Nbd7 12. b4 Qe7 13. c5 c6 14. d6 Qd8 15. a4 b6
16. cxb6 Qxb6+ 17. Kh1 Qxb4 18. Rc1 Qxd6 19. Qc2 Qc7 20. Nb5 Qb8 21. Qxc6 Bb7 22.
Qc2 Rc8 23. Qe2 Ba6 24. Rxc8+ Bxc8 25. Rc1 Ba6 26. Nc7 Bxd3 27. Qxd3 Qb7 28. Nxa8
Qxa8 29. Bxf6 Nxf6 30. Nxe5 Nxe4 31. Ng4 h5 32. Re1 Nc5 33. Qb5 Qd5 34. Ne3 Qd2
35. Qe2 Qd6 36. Nc4 Qd4 37. Rd1 Qf4 38. Rf1 Qb8 39. Qf2 Ne4 40. Qxf7+ Kh7 41. Re1
Ng5 42. Qe7 Kh6 43. Ne5 Qc8 44. Nf7+ Nxf7 45. Qxf7 Qc3 46. Qf4+ Kh7 47. Rf1 Qc6
48. h3 Qa6 49. Rc1 Qb7 50. Rc7 Qd5 51. Rxa7 Kg8 52. Qb8+ Kh7 53. Qf8 Qd4 54.
Qxg7+ Qxg7 55. Rxg7+ Kxg7 56. a5 Kf7 57. a6 Ke7 58. a7 Kd7 59. a8=Q Kd6 60. Qe4
Kc5 61. Qd3 Kc6 62. Qd4 Kc7 63. Qd5 Kb6 64. Qc4 Kb7 65. Qc5 Kb8 66. Qc6 Ka7 67.
Qb5 Ka8 68. Kh2 g5 69. Kg3 h4+ 70. Kf2 g4 71. hxg4 h3 1-0

[Event "d10"]
[Site "?"]
[Date "2020.08.28"]
[Round "5.3"]
[White "Smietanska, Wiktoria"]
[Black "Michalska, Lena"]
[Result "1-0"]
[BlackElo "1062"]
[WhiteElo "1584"]
[LiveChessVersion "1.4.8"]

1. c4 {[%clk 0:15:18]} c5 {[%clk 0:15:19]} 2. Nf3 {[%clk 0:15:25]} g6
{[%clk 0:15:28]} 3. Nc3 {[%clk 0:15:31]} Bg7 {[%clk 0:15:36]} 4. d4
{[%clk 0:14:32]} cxd4 {[%clk 0:15:33]} 5. Nxd4 {[%clk 0:14:39]} Nc6
{[%clk 0:15:40]} 6. Nb3 {[%clk 0:12:47]} b6 {[%clk 0:14:26]} 7. g3
{[%clk 0:12:37]} Bb7 {[%clk 0:14:21]} 8. Bg2 {[%clk 0:12:30]} Rb8
{[%clk 0:14:12]} 9. Bf4 {[%clk 0:10:55]} Nf6 {[%clk 0:13:48]} 10. Bxb8
{[%clk 0:11:01]} Qxb8 {[%clk 0:13:55]} 11. O-O {[%clk 0:10:38]} O-O
{[%clk 0:13:54]} 12. Rc1 {[%clk 0:09:24]} Rc8 {[%clk 0:12:16]} 13. c5
{[%clk 0:07:41]} Ne5 {[%clk 0:11:37]} 14. cxb6 {[%clk 0:06:38]} Bxg2
{[%clk 0:11:30]} 15. Kxg2 {[%clk 0:06:40]} axb6 {[%clk 0:11:04]} 16. Nd5
{[%clk 0:03:27]} Nxd5 {[%clk 0:10:21]} 17. Qxd5 {[%clk 0:03:03]} e6
{[%clk 0:09:11]} 18. Rxc8+ {[%clk 0:01:56]} Qxc8 {[%clk 0:09:19]} 19. Rc1
{[%clk 0:00:59]} Qa6 {[%clk 0:07:29]} 20. Qd6 {[%clk 0:00:26]} Qb7+
{[%clk 0:06:33]} 21. f3 {[%clk 0:00:24]} b5 {[%clk 0:05:11]} 22. Rc7
{[%clk 0:00:19]} Qb8 {[%clk 0:04:00]} 23. Qc5 {[%clk 0:00:16]} Nc6
{[%clk 0:03:51]} 24. Rxd7 {[%clk 0:00:18]} Qc8 {[%clk 0:02:21]} 25. Rd6
{[%clk 0:00:21]} Ne7 {[%clk 0:01:53]} 26. Qxc8+ {[%clk 0:00:28]} Nxc8
{[%clk 0:02:01]} 27. Rd8+ {[%clk 0:00:36]} Bf8 {[%clk 0:02:07]} 28. Rxc8
{[%clk 0:00:44]} Kg7 {[%clk 0:02:14]} 29. Nd4 {[%clk 0:00:47]} b4
{[%clk 0:01:57]} 30. Rxf8 {[%clk 0:00:45]} Kxf8 {[%clk 0:02:05]} 31. Nc6
{[%clk 0:00:54]} b3 {[%clk 0:02:02]} 32. a4 {[%clk 0:00:59]} Ke8 {[%clk 0:01:59]}
33. Nd4 {[%clk 0:01:08]} Kd7 {[%clk 0:02:03]} 34. Nxb3 {[%clk 0:01:15]} Kc6
{[%clk 0:01:57]} 35. Nc1 {[%clk 0:01:12]} Kb6 {[%clk 0:01:44]} 36. b4
{[%clk 0:01:21]} Ka6 {[%clk 0:01:44]} 37. Nd3 {[%clk 0:01:26]} Kb6
{[%clk 0:01:22]} 38. b5 {[%clk 0:01:29]} f6 {[%clk 0:01:07]} 39. Nb2
{[%clk 0:01:36]} e5 {[%clk 0:00:47]} 40. Nc4+ {[%clk 0:01:45]} Kb7
{[%clk 0:00:50]} 41. a5 {[%clk 0:01:53]} h5 {[%clk 0:00:49]} 42. b6
{[%clk 0:01:56]} g5 {[%clk 0:00:37]} 43. Nd6+ {[%clk 0:02:04]} Kb8
{[%clk 0:00:44]} 44. a6 {[%clk 0:02:06]} h4 {[%clk 0:00:31]} 45. b7
{[%clk 0:02:10]} Ka7 {[%clk 0:00:16]} 46. Ne8 {[%clk 0:02:08]} f5
{[%clk 0:00:19]} 47. Nf6 {[%clk 0:02:15]} hxg3 1-0

[Event "d10"]
[Site "?"]
[Date "2020.08.28"]
[Round "5.4"]
[White "Kretowicz, Daria"]
[Black "Czajka, Faustyna"]
[Result "0-1"]
[BlackElo "1420"]
[WhiteElo "1069"]
[LiveChessVersion "1.4.8"]

1. e4 {[%clk 0:15:17]} c5 {[%clk 0:15:19]} 2. Nf3 {[%clk 0:15:24]} d6
{[%clk 0:15:27]} 3. d4 {[%clk 0:15:33]} cxd4 {[%clk 0:15:35]} 4. Nxd4
{[%clk 0:15:40]} Nf6 {[%clk 0:15:41]} 5. Nc3 {[%clk 0:15:48]} g6 {[%clk 0:15:49]}
6. Be3 {[%clk 0:15:29]} Bg7 {[%clk 0:15:56]} 7. Qd2 {[%clk 0:15:27]} O-O
{[%clk 0:16:01]} 8. f3 {[%clk 0:15:16]} Nc6 {[%clk 0:16:02]} 9. O-O-O
{[%clk 0:14:59]} d5 {[%clk 0:16:03]} 10. exd5 {[%clk 0:13:53]} Nxd5
{[%clk 0:16:10]} 11. Nxd5 {[%clk 0:13:40]} Qxd5 {[%clk 0:16:16]} 12. Kb1
{[%clk 0:12:48]} Nxd4 {[%clk 0:16:10]} 13. Bxd4 {[%clk 0:11:28]} Bxd4
{[%clk 0:16:10]} 14. Qxd4 {[%clk 0:11:07]} Qxd4 {[%clk 0:16:18]} 15. Rxd4
{[%clk 0:11:06]} Be6 {[%clk 0:16:21]} 16. Bb5 {[%clk 0:09:59]} Rfd8
{[%clk 0:16:16]} 17. Rhd1 {[%clk 0:09:29]} Rxd4 {[%clk 0:16:19]} 18. Rxd4
{[%clk 0:09:36]} a6 {[%clk 0:16:25]} 19. Bd7 {[%clk 0:09:09]} Rd8
{[%clk 0:16:29]} 20. Bxe6 {[%clk 0:08:09]} Rxd4 {[%clk 0:16:34]} 21. c3
{[%clk 0:07:30]} Rd2 {[%clk 0:16:25]} 22. Bc8 {[%clk 0:07:21]} b6
{[%clk 0:16:23]} 23. Bxa6 {[%clk 0:07:14]} Rxg2 {[%clk 0:16:30]} 24. h3
{[%clk 0:07:08]} Rg3 {[%clk 0:16:34]} 25. Bb7 {[%clk 0:07:01]} Rxh3
{[%clk 0:16:41]} 26. b4 {[%clk 0:06:51]} h5 {[%clk 0:16:41]} 27. a4
{[%clk 0:06:57]} Rg3 {[%clk 0:16:28]} 28. a5 {[%clk 0:06:53]} bxa5
{[%clk 0:16:33]} 29. bxa5 {[%clk 0:06:58]} Rg5 {[%clk 0:16:39]} 30. a6
{[%clk 0:07:02]} Ra5 {[%clk 0:16:46]} 31. c4 {[%clk 0:07:06]} Kf8
{[%clk 0:16:31]} 32. Kc2 {[%clk 0:07:01]} h4 {[%clk 0:16:39]} 33. c5
{[%clk 0:07:07]} Ke8 {[%clk 0:16:47]} 34. c6 {[%clk 0:07:16]} Kd8
{[%clk 0:16:56]} 35. f4 {[%clk 0:06:58]} h3 {[%clk 0:17:03]} 36. Kb3
{[%clk 0:06:59]} h2 {[%clk 0:17:11]} 37. Kb4 {[%clk 0:07:07]} h1=Q
{[%clk 0:17:02]} 38. Kxa5 {[%clk 0:07:13]} Qa1+ {[%clk 0:17:08]} 0-1

[Event "d10"]
[Site "?"]
[Date "2020.08.28"]
[Round "5.6"]
[White "Gorska, Amelia"]
[Black "Drozdz, Amelia"]
[Result "0-1"]
[BlackElo "1143"]
[WhiteElo "1045"]
[LiveChessVersion "1.4.8"]

1. e4 c5 2. Nf3 Nc6 3. d4 cxd4 4. Nxd4 g6 5. Nc3 Bg7 6. Nf3 d6 7. Bb5 Nf6 8. Bg5
O-O 9. h3 Qa5 10. Qd2 Nxe4 11. Nxe4 Qxb5 12. Nc3 Qxb2 13. O-O Qxc3 14. Qc1 Qxa1
15. Qxa1 Bxa1 16. Rxa1 Kg7 17. Re1 f6 18. Be3 Nb4 19. c4 Nxa2 20. Bd4 e5 21. Bb2
Nb4 22. Ba3 a5 23. Rb1 Be6 24. Nd2 Rfc8 25. Rc1 b5 26. cxb5 Rxc1+ 27. Bxc1 Rb8
28. Ne4 d5 29. Nc5 Kf7 30. Nxe6 Kxe6 31. Kf1 Rxb5 32. Ke2 a4 33. Kd2 Ra5 34. Ba3
Nc6 35. Kc3 d4+ 36. Kd3 f5 37. f3 Kd5 38. g3 e4+ 39. fxe4+ fxe4+ 40. Kd2 e3+ 41.
Kd3 Ne5+ 42. Ke2 Ke4 43. g4 d3+ 44. Kd1 e2+ 45. Ke1 Ke3 46. Bc1+ Ke4 47. Bd2 Ra6
48. Bc1 a3 49. Bd2 Nf3+ 50. Kf2 Nxd2 51. Ke1 Ke3 52. h4 Nf3# 0-1

[Event "d10"]
[Site "?"]
[Date "2020.08.28"]
[Round "5.7"]
[White "Tokarz, Gabriela"]
[Black "Seemann, Lena"]
[Result "1-0"]
[BlackElo "1008"]
[WhiteElo "1141"]
[LiveChessVersion "1.4.8"]

1. d4 b6 2. c4 Bb7 3. Nc3 e6 4. e4 Bb4 5. f3 d6 6. Be3 Nd7 7. Bd3 Ne7 8. Nge2 O-O
9. g4 e5 10. d5 c6 11. h4 f6 12. g5 fxg5 13. hxg5 Rxf3 14. Qc1 Nc5 15. Bc2 Bxc3+
16. bxc3 Ba6 17. Bxc5 dxc5 18. Bb3 b5 19. cxb5 Bxb5 20. c4 Ba6 21. Kd2 cxd5 22.
exd5 Qa5+ 23. Kc2 Bc8 24. Kb2 Rf2 25. Qe3 Rf5 26. Rhf1 Ng6 27. Ng3 Rf4 28. Nh5
Rh4 29. Qf2 Qc7 30. d6 Qb7 31. d7 Qxd7 32. Rad1 Qc7 33. Rd8+ Qxd8 34. Qf7+ Kh8
35. Qxg7# 1-0

[Event "d10"]
[Site "?"]
[Date "2020.08.28"]
[Round "6.1"]
[White "Wieczorek, Maja"]
[Black "Klintsevich, Aliaksandra"]
[Result "1-0"]
[BlackElo "1153"]
[WhiteElo "1030"]
[LiveChessVersion "1.4.8"]

1. e4 {[%clk 0:15:18]} c5 {[%clk 0:15:19]} 2. Nf3 {[%clk 0:15:25]} d6
{[%clk 0:15:28]} 3. Be2 {[%clk 0:15:05]} Nf6 {[%clk 0:15:35]} 4. Nc3
{[%clk 0:15:12]} e5 {[%clk 0:15:43]} 5. O-O {[%clk 0:15:15]} Bg4 {[%clk 0:15:44]}
6. d3 {[%clk 0:15:23]} Nc6 {[%clk 0:15:52]} 7. h3 {[%clk 0:15:17]} Bh5
{[%clk 0:15:45]} 8. Be3 {[%clk 0:15:19]} Be7 {[%clk 0:15:52]} 9. Nd5
{[%clk 0:15:23]} O-O {[%clk 0:15:56]} 10. a3 {[%clk 0:15:29]} a5 {[%clk 0:14:53]}
11. c3 {[%clk 0:15:04]} h6 {[%clk 0:12:43]} 12. Qb3 {[%clk 0:14:28]} Rb8
{[%clk 0:10:54]} 13. a4 {[%clk 0:13:41]} b5 {[%clk 0:10:00]} 14. axb5
{[%clk 0:13:12]} Rxb5 {[%clk 0:10:08]} 15. Qxb5 {[%clk 0:12:25]} Nxd5
{[%clk 0:10:09]} 16. exd5 {[%clk 0:12:25]} Na7 {[%clk 0:10:16]} 17. Qxa5
{[%clk 0:12:14]} Qxa5 {[%clk 0:10:25]} 18. Rxa5 {[%clk 0:12:21]} Nc8
{[%clk 0:10:33]} 19. Re1 {[%clk 0:11:58]} f5 {[%clk 0:10:41]} 20. Nh2
{[%clk 0:11:44]} Bf7 {[%clk 0:10:41]} 21. c4 {[%clk 0:11:49]} f4 {[%clk 0:10:49]}
22. Bd2 {[%clk 0:11:54]} g5 {[%clk 0:10:51]} 23. g4 {[%clk 0:11:39]} fxg3
{[%clk 0:10:32]} 24. fxg3 {[%clk 0:11:46]} Bg6 {[%clk 0:10:26]} 25. Ng4
{[%clk 0:11:35]} h5 {[%clk 0:10:32]} 26. Nf2 {[%clk 0:11:35]} Bf6
{[%clk 0:09:39]} 27. Ne4 {[%clk 0:11:29]} Bxe4 {[%clk 0:09:33]} 28. dxe4
{[%clk 0:11:37]} h4 {[%clk 0:09:41]} 29. g4 {[%clk 0:11:46]} Ne7 {[%clk 0:09:45]}
30. Ra6 {[%clk 0:11:37]} Rd8 {[%clk 0:09:45]} 31. Rf1 {[%clk 0:11:46]} Bg7
{[%clk 0:09:51]} 32. Bxg5 {[%clk 0:11:51]} 1-0

[Event "d10"]
[Site "?"]
[Date "2020.08.28"]
[Round "6.3"]
[White "Drozdz, Amelia"]
[Black "Smietanska, Wiktoria"]
[Result "0-1"]
[BlackElo "1584"]
[WhiteElo "1143"]
[LiveChessVersion "1.4.8"]

1. c4 {[%clk 0:15:18]} Nf6 {[%clk 0:15:17]} 2. Nc3 {[%clk 0:15:20]} g6
{[%clk 0:15:24]} 3. g3 {[%clk 0:15:21]} Bg7 {[%clk 0:15:31]} 4. d3
{[%clk 0:15:24]} O-O {[%clk 0:15:25]} 5. Bg2 {[%clk 0:15:18]} e5 {[%clk 0:14:32]}
6. a3 {[%clk 0:15:16]} a5 {[%clk 0:13:24]} 7. Bg5 {[%clk 0:15:09]} h6
{[%clk 0:12:38]} 8. Bxf6 {[%clk 0:15:02]} Bxf6 {[%clk 0:12:34]} 9. b4
{[%clk 0:14:49]} c6 {[%clk 0:10:51]} 10. Ne4 {[%clk 0:14:38]} Be7
{[%clk 0:10:08]} 11. Nf3 {[%clk 0:14:23]} axb4 {[%clk 0:09:17]} 12. axb4
{[%clk 0:13:52]} Bxb4+ {[%clk 0:09:15]} 13. Kf1 {[%clk 0:12:58]} Rxa1
{[%clk 0:10:30]} 14. Qxa1 {[%clk 0:12:54]} f6 {[%clk 0:09:25]} 15. c5
{[%clk 0:12:26]} Qa5 {[%clk 0:08:42]} 16. Qb2 {[%clk 0:11:42]} Bxc5
{[%clk 0:07:07]} 17. Qb3+ {[%clk 0:11:13]} d5 {[%clk 0:06:51]} 18. Nc3
{[%clk 0:10:59]} Qb4 {[%clk 0:05:31]} 19. Qc2 {[%clk 0:10:49]} Bb6
{[%clk 0:04:36]} 20. e3 {[%clk 0:10:23]} d4 {[%clk 0:02:45]} 21. Na2
{[%clk 0:10:03]} Qb5 {[%clk 0:01:44]} 22. e4 {[%clk 0:09:45]} Be6
{[%clk 0:00:43]} 23. Ke2 {[%clk 0:09:15]} Qc5 {[%clk 0:00:33]} 24. Qb2
{[%clk 0:08:47]} Nd7 {[%clk 0:00:29]} 25. Nd2 {[%clk 0:08:46]} Ra8
{[%clk 0:00:28]} 26. Nb3 {[%clk 0:08:45]} Qb5 {[%clk 0:00:25]} 27. Rb1
{[%clk 0:08:10]} Bxb3 {[%clk 0:00:29]} 28. Nc1 {[%clk 0:07:48]} Nc5
{[%clk 0:00:17]} 29. Nxb3 {[%clk 0:07:48]} Qxd3+ {[%clk 0:00:24]} 30. Ke1
{[%clk 0:07:36]} Nxb3 {[%clk 0:00:20]} 31. Bf1 {[%clk 0:07:30]} Qxe4+
{[%clk 0:00:26]} 32. Kd1 {[%clk 0:07:29]} Qf3+ {[%clk 0:00:16]} 33. Be2
{[%clk 0:07:27]} Qd5 {[%clk 0:00:15]} 34. Qc2 {[%clk 0:06:56]} Qh1+
{[%clk 0:00:19]} 35. Bf1 {[%clk 0:06:44]} Qxf1# {[%clk 0:00:26]} 0-1

[Event "d10"]
[Site "?"]
[Date "2020.08.28"]
[Round "6.4"]
[White "Czajka, Faustyna"]
[Black "Tokarz, Gabriela"]
[Result "1-0"]
[BlackElo "1141"]
[WhiteElo "1420"]
[LiveChessVersion "1.4.8"]

1. e4 {[%clk 0:15:18]} c5 {[%clk 0:15:19]} 2. Nf3 {[%clk 0:15:27]} d6
{[%clk 0:15:27]} 3. d4 {[%clk 0:15:36]} cxd4 {[%clk 0:15:35]} 4. Nxd4
{[%clk 0:15:44]} Nf6 {[%clk 0:15:42]} 5. Nc3 {[%clk 0:15:53]} g6 {[%clk 0:15:51]}
6. Bc4 {[%clk 0:16:01]} Bg7 {[%clk 0:15:58]} 7. Be3 {[%clk 0:16:08]} O-O
{[%clk 0:16:05]} 8. f3 {[%clk 0:16:16]} Nc6 {[%clk 0:16:13]} 9. Qd2
{[%clk 0:16:24]} Bd7 {[%clk 0:16:21]} 10. O-O {[%clk 0:16:28]} Rc8
{[%clk 0:16:26]} 11. Bb3 {[%clk 0:16:36]} a6 {[%clk 0:16:33]} 12. a4
{[%clk 0:16:44]} Nxd4 {[%clk 0:13:38]} 13. Bxd4 {[%clk 0:16:41]} Nh5
{[%clk 0:12:45]} 14. Bxg7 {[%clk 0:16:42]} Kxg7 {[%clk 0:12:39]} 15. Rad1
{[%clk 0:16:49]} Bc6 {[%clk 0:11:53]} 16. Qe3 {[%clk 0:16:48]} Qc7
{[%clk 0:10:17]} 17. Rfe1 {[%clk 0:16:37]} Rcd8 {[%clk 0:08:18]} 18. Rd2
{[%clk 0:16:19]} Rd7 {[%clk 0:06:34]} 19. Red1 {[%clk 0:16:26]} f5
{[%clk 0:04:53]} 20. Nd5 {[%clk 0:15:17]} Bxd5 {[%clk 0:04:51]} 21. Bxd5
{[%clk 0:15:20]} f4 {[%clk 0:04:37]} 22. Qf2 {[%clk 0:15:04]} Qc5
{[%clk 0:03:52]} 23. Qd4+ {[%clk 0:14:54]} Qxd4+ {[%clk 0:03:59]} 24. Rxd4
{[%clk 0:14:59]} Rc7 {[%clk 0:03:54]} 25. Bb3 {[%clk 0:15:06]} g5
{[%clk 0:03:35]} 26. Rd5 {[%clk 0:15:06]} h6 {[%clk 0:03:34]} 27. e5
{[%clk 0:14:39]} dxe5 {[%clk 0:03:30]} 28. Rxe5 {[%clk 0:14:45]} Rfc8
{[%clk 0:01:37]} 29. Rde1 {[%clk 0:14:43]} Kf8 {[%clk 0:01:46]} 30. Rf5+
{[%clk 0:14:39]} Nf6 {[%clk 0:01:53]} 31. Rfe5 {[%clk 0:14:41]} Rd8
{[%clk 0:01:40]} 32. R5e2 {[%clk 0:14:45]} h5 {[%clk 0:01:28]} 33. Rf1
{[%clk 0:14:21]} Rcd7 {[%clk 0:01:23]} 34. Rfe1 {[%clk 0:14:23]} g4
{[%clk 0:01:26]} 35. fxg4 {[%clk 0:14:28]} Nxg4 {[%clk 0:01:33]} 36. h3
{[%clk 0:14:08]} Ne3 {[%clk 0:01:40]} 37. Rf2 {[%clk 0:14:08]} e5
{[%clk 0:01:36]} 38. Rxe3 {[%clk 0:14:07]} Rd1+ {[%clk 0:01:44]} 39. Kh2
{[%clk 0:14:11]} Kg7 {[%clk 0:01:49]} 40. Rxe5 {[%clk 0:14:15]} Rb1
{[%clk 0:01:43]} 41. Re7+ {[%clk 0:14:11]} Kh6 {[%clk 0:01:40]} 42. Rxb7
{[%clk 0:14:12]} Rdd1 {[%clk 0:01:48]} 43. g3 {[%clk 0:12:45]} fxg3+
{[%clk 0:01:18]} 44. Kxg3 {[%clk 0:12:49]} Rd4 {[%clk 0:00:32]} 45. Rb6+
{[%clk 0:12:44]} Kg5 {[%clk 0:00:35]} 46. Rg2 {[%clk 0:11:00]} 1-0